| 000 | 00688cab a2200217 4500 | ||
|---|---|---|---|
| 001 | ABS43009 | ||
| 008 | 090401t1990 xxu||||| |||| 00| 0 eng d | ||
| 035 | _a(Sirsi) u39929 | ||
| 041 | _aeng | ||
| 100 | _aSheehan, A.M. | ||
| 245 | _aHousing the homeless | ||
| 260 | _c1990 | ||
| 350 | _a0 | ||
| 490 |
_aBuilding Today _v299(5866) 26 July 1990, 20-21(2) |
||
| 520 | _aDescribes a design and build project by Jerram Falkus in co-operation with Mrowicki Bird to build houses and flats for Circle 33 Housing Association . | ||
| 650 | _aBUILDING PROJECTS | ||
| 650 | _aTURNKEY CONTRACT | ||
| 690 | _aBUILT ENVIRONMENT-BUILDING CONTRACT FORMS | ||
| 942 | _n0 | ||
| 948 | _c04/03/1997 | ||
| 999 |
_c25559 _d25559 |
||